000 01038nam0a22002411 4500
001 rc\980820
005 20250622064629.0
035 _a(NLR Aleph) 006148876
090 _a5740747
_c5740747
100 _a20041129d1982 |||y0rusy50 ca
101 0 _arus
102 _aRU
105 _aa |||||||||
200 1 _aНотные издания в фондах Государственной библиотеки СССР имени В.И. Ленина
_eПамятники муз. искусства
_eИностр. нот. изд. XVI - нач. XIX в.
_eОтдельно изд. произведения композиторов
_e[2] Galeotti - Hurka
_eКаталог
_f[Сост. Ш.С. Барим]
210 _aМ.
_cГБЛ
_d1982
215 _a127 с.
_cил.
_d22
300 _aСост. указан на обороте тит. л.
300 _aВ надзаг.: ... Отд. нот. изд. и звукозаписей
801 0 _aRU
_bNLR
_gpsbo
801 1 _aRU
_bELAR
_2rusmarc
852 _aNLR
_bС
_jК-2/462
942 _cBOOK
980 _aNB